000 00406nam a2200181Ia 4500
001 14223
005 20260306164858.0
008 260306t2006||||xx |||||||||||||| ||spa||
041 _aESP
082 _a510.073
_bF49 2006
100 _aFigueroa G., Ricardo
_eAUT
245 0 _aMatemática Básica 1
260 _c2006
300 _a
_c
650 _aGEN
654 _aCMA
942 _cLIB
_dJUS
_fJUS
_2ddc
_n
999 _c14223
_d14223